000 02010cam a22004214i 4500
003 PE-LiUPU
005 20250731173206.0
008 150625s1931 ny r 001 0 eng d
035 _a(Sirsi) a31278
040 _aPE-LiUPU
_bspa
_cPE-LiUPU
_erda
082 0 4 _a270.6
_bL67
_221
100 1 _aLindsay, Thomas M,
_eautor.
245 1 2 _aA history of the Reformation /
_cThomas M. Lindsay.
264 1 _aNew York :
_bScribners,
_c1931.
300 _a512 páginas ;
_c21 centímetros.
336 _atext
_2rdacontent
337 _aunmediated
_2rdamedia
338 _avolume
_2rdacarrier
490 1 _aThe International theological library
504 _aIndice : páginas 513-528.
505 _aThe Papacy -- Te political situation -- The renaissance -- Social Conditions -- Family and popular religious life in the decades before the reformation -- Humanism and the reformation -- Humanism and the reformation -- Luther to the beginning of the controversy about indulgences -- From the beginning of the indulgence controversy to the diet of worms -- The diet of worms -- From the diet of worms to the close of the peasant war -- From the diet of speyer, 1526, to the religious peace of augsburg, 1555 -- The organisation of the Lutheran Churches -- The Lutheran reformation outside Germany -- The religious principles inspiring the reformation.
526 _aSEG42
526 _aSEG41
526 _aSEG40
526 _aSEG39
526 _aP94
526 _aP87
526 _aP86
526 _aP85
526 _aP77
526 _aP76
526 _aP35
942 _2ddc
_cBOOK
949 _a270.6 L67
_wDEWEY
_c1
_i06632
_lCCODEBUL1
_mBUL
_p20.77
_r0
_sY
_tBOOK
_u2015-06-25
_xBIBLIOTECA
_zUNKNOWN
_0COMPRA
_o.STAFF. Colección Teología
596 _a1
999 _a270.6 L67
_wDEWEY
_c38814
_i06632
_d38814
_f2021-11-12
_g5
_lCCODEBUL1
_mBUL
_p20.77
_q3
_r0
_sY
_tBOOK
_u2015-6-25
_xTEOLOGIA
_PP35
_0COMPRA
_o.STAFF. Colección Teología
980 _81
_gALBERTO SANCHEZ Responsable de Automatización